| 000 | 00468nam a2200157 a 4500 | ||
|---|---|---|---|
| 001 | 000010842 | ||
| 005 | 20200929162313.0 | ||
| 008 | 091012s19uu dr 001 0 spa d | ||
| 040 |
_aDO-SdBNP _bspa _cBNPHU |
||
| 082 |
_axxx _bT693c |
||
| 100 | 1 |
_aTorres, Ramón E. _926165 |
|
| 245 | 1 | 3 |
_aLa crisis dominicana : _bsus causas y solución / _cRamón E. Torres. |
| 260 |
_aSanto Domingo : _bEditora El Estudiante, _c[19--?]. |
||
| 300 |
_a149 p. ; _c23 cm. |
||
| 049 | _aBNPD | ||
| 999 |
_c10591 _d10591 |
||